000 00236nam a2200097Ia 4500
008 230915s9999 xx 000 0 und d
050 _aHB 172.M36 2007
100 _aMANKIW,N. GREGORY
245 0 _aPRINCIPLES OF MICROECOMICS
942 _cBK
999 _c73862
_d73862